000 03339cam a2200313 4500500
005 20260329013310.0
041 _afre
042 _adc
100 1 0 _aViguier, Julien
_eauthor
700 1 0 _aAzeau-Bories, Isabelle
_eauthor
700 1 0 _aLoubès, Anne
_eauthor
245 0 0 _aLes plateformes d’attractivité : un nouveau dispositif de GRH-T et d’innovation sociale territoriale
260 _c2025.
500 _a39
520 _aTerritorial Attractiveness Platforms (PATs) are Territorial Human Resource Management mechanisms that coordinate the promotion of local employment opportunities alongside the quality of life within the territory, offering comprehensive support (employment, housing, healthcare, education, culture) to individuals seeking to relocate to the region. Our research focuses on two initial case studies in the Occitanie region: in Comminges and in Gers. It highlights several shared characteristics of these emerging mechanisms. Operated by translators (Akrich, Callon, & Latour, 2006) and third-party facilitators or terceïsators (Xhauflair & Pichault, 2012, 2010), and structured around forms of ecosystemic governance (Condemines et al., 2015), PATs contribute to the emergence of territorial employer brands (Loufrani-Fédida & Saint-Germes, 2020; Evon & Hulin, 2020). By fostering collective learning around employerability (Faure, Urasadettan & Cucchi, 2025), while simultaneously valorizing territorial amenities (Bourdeau-Lepage, 2021, 2015), PATs can be understood as mechanisms of territorial social innovation.
520 _aLes Plateformes d’Attractivité territoriales (PAT) sont des dispositifs de Gestion des Ressources humaines territoriales qui organisent la promotion des offres de recrutement du territoire articulée à la qualité de vie territoriale comme un accompagnement global (travail, logement, santé, éducation, culture) des personnes souhaitant s’installer sur le territoire. Notre recherche se focalise sur deux premiers cas en Occitanie ; dans le Comminges et le Gers. Elle met en évidence des caractéristiques communes de ces nouveaux dispositifs. Pilotées par des traducteurs (Akrich, Callon & Latour, 2006) et des tercéisateurs (Xhauflair & Pichault, 2012, 2010), animées par des formes de gouvernance écosystémiques (Condemines et al., 2015), les PAT contribuent à l’émergence de marques employeurs territoriales (Loufrani-Fédida & Saint-Germes, 2020 ; Evon & Hulin, 2020). En générant un apprentissage collectif de l’employeurabilité (Faure, Urasadettan & Cucchi, 2025) articulé à une valorisation des aménités (Bourdeau-Lepage, 2021, 2015) des territoires, les PAT relèvent de l’innovation sociale territoriale.
690 _aEmployeurabilité
690 _aMarque employeur territoriale
690 _aPlateforme d’attractivité territoriale
690 _aTercéisation
690 _aTraduction
690 _aEmployerability
690 _aTerritorial Attractiveness Platforms
690 _aTerritorial Employer Branding
690 _aThird-Party Facilitator
690 _aTranslator
786 0 _nInnovations | hors-série | HS1 | 2025-10-10 | p. 129-129 | 1267-4982
856 4 1 _uhttps://shs.cairn.info/revue-innovations-2025-HS1-page-129?lang=fr&redirect-ssocas=7080
999 _c1879027
_d1879027